|
|
|
|
| LEADER |
00000nas a2200000 4500 |
| 005 |
2011050208188.0 |
| 008 |
070206s19uu9999bl fr p s 0 a0por d |
| 022 |
|
|
|a 1518-2924
|
| 035 |
|
|
|a 5411
|
| 040 |
|
|
|a BUS
|d vLex
|
| 080 |
|
|
|a 02
|
| 090 |
|
|
|c 2089
|d 2089
|
| 245 |
3 |
|
|a Encontros Bibli
|h [Recurso electrn̤ico] :
|b Revista Eletrn̥ica de Biblioteconomia e Cin̊cia da Informaȯ̂.
|
| 256 |
|
|
|a Servicio en ln̕ea.
|
| 260 |
|
|
|a [Brasil] :
|b Universidade Federal de Santa Catarina.
|
| 506 |
1 |
|
|a Contenido solo disponible en los productos indicados
|d vLex Global
|d vLex Global (Academic Edition, excluding Law Schools)
|d vLex Global (U.S. Academic Edition, Law Schools)
|d vLex Global (U.S. Academic Edition, excluding Law Schools)
|d vLex Global (Academic Edition, Law Schools)
|
| 650 |
0 |
4 |
|a Biblioteconoma̕
|x Publicaciones perid̤icas.
|
| 650 |
0 |
4 |
|a Documentacion
|x Publicaciones perid̤icas.
|
| 710 |
2 |
|
|a Universidade Federal de Santa Catarina.
|
| 740 |
0 |
|
|a vLex Revistas (Servicio en ln̕ea)
|
| 740 |
0 |
|
|a Directory of Open Access Journals (Servicio en ln̕ea)
|
| 856 |
|
|
|u http://vlex.com/source/encontros-bibli-revista-eletronica-biblioteconomia-ciencia-informacao-5411
|z Acceso restringido
|
| 942 |
|
|
|c REV
|